[Event "13sen.WMH 2003 Senioren"]
[Site "Bad Zwischenahn(17.11.-29.11.2003)"]
[Date "2003.11.29"]
[Round "3"]
[White "Johannsen, Ingbert"]
[Black "Marquardt, Rolf"]
[Result "1-0"]
[WhiteElo "1957"]
[BlackElo "1774"]
[PlyCount "37"]


1. e4 e6 2. d4 d5 3. Nc3 Bb4 4. e5 c5 5. a3 Bxc3+ 6. bxc3 Qc7 7. Qg4 f6 8. Bb5+
Kf8 9. a4 fxe5 10. Ba3 exd4 11. Qxd4 Ne7 12. Bxc5 Nbc6 13. Qh4 a6 14. Bxc6 bxc6
15. Ne2 e5 16. O-O Bf5 17. f4 e4 18. Nd4 Ke8 19. Bxe7 1-0

[Event "13sen.WMH 2003 Senioren"]
[Site "Bad Zwischenahn(17.11.-29.11.2003)"]
[Date "2003.11.29"]
[Round "3"]
[White "Josting, Friedel"]
[Black "Ousatchi, Mark"]
[Result "1/2-1/2"]
[WhiteElo "1866"]
[BlackElo "2041"]
[PlyCount "73"]


1. d4 Nf6 2. Bf4 d5 3. e3 Bf5 4. Bd3 e6 5. Bxf5 exf5 6. Nf3 Nc6 7. h3 Bd6 8.
Ne5 O-O 9. O-O Re8 10. Nd3 Bxf4 11. Nxf4 Qd6 12. Nc3 Ne7 13. Nd3 Ne4 14. Nxe4
fxe4 15. Ne5 f6 16. Ng4 Ng6 17. f4 exf3 18. Qxf3 c6 19. c3 Re6 20. Rae1 Rae8
21. Re2 Qe7 22. Rfe1 Re4 23. Nf2 Nf4 24. Nxe4 Nxe2+ 25. Rxe2 Qxe4 26. Qxe4 Rxe4
27. a4 Kf7 28. Kf2 f5 29. b4 Re7 30. Kf3 g5 31. Rc2 h5 32. c4 g4+ 33. hxg4
hxg4+ 34. Kf2 Ke6 35. cxd5+ Kxd5 36. Rc5+ Ke4 37. g3 1/2-1/2

[Event "13sen.WMH 2003 Senioren"]
[Site "Bad Zwischenahn(17.11.-29.11.2003)"]
[Date "2003.11.29"]
[Round "3"]
[White "Keze, Arnis"]
[Black "Becker, Karl-Heinz[31Köln]"]
[Result "1-0"]
[WhiteElo "1824"]
[BlackElo "1534"]
[PlyCount "79"]


1. d4 Nf6 2. Nf3 g6 3. c4 d6 4. Nc3 Bg7 5. e4 Nbd7 6. Bg5 O-O 7. Bd3 c6 8. Qd2
Qc7 9. Rc1 a6 10. h4 h5 11. Bh6 e5 12. d5 c5 13. Bxg7 Kxg7 14. Nh2 b6 15. Qg5
Nb8 16. f3 Nh7 17. Qg3 f5 18. exf5 Bxf5 19. Ne4 Bxe4 20. Bxe4 Rf6 21. O-O Qf7
22. Rc2 Rf4 23. Rcf2 Nd7 24. Qh3 Rf8 25. g3 Rf6 26. Rg2 g5 27. g4 Rh6 28. gxh5
Rxh5 29. Bxh7 Kxh7 30. Rxg5 Rg8 31. Rxg8 Qxg8+ 32. Kh1 Qf7 33. Rg1 Nf8 34. Rg5
Rxg5 35. hxg5+ Kg6 36. Qh6+ Kf5 37. Kg2 Ng6 38. Nf1 Qe7 39. Ng3+ Kf4 40. Qxg6
1-0

[Event "13sen.WMH 2003 Senioren"]
[Site "Bad Zwischenahn(17.11.-29.11.2003)"]
[Date "2003.11.29"]
[Round "3"]
[White "Knab, Horst"]
[Black "Weyand, Fernand"]
[Result "0-1"]
[WhiteElo "1541"]
[BlackElo "1705"]
[PlyCount "92"]


1. Nf3 Nf6 2. c4 e6 3. Nc3 b6 4. d4 Bb4 5. Bd2 O-O 6. g3 Bb7 7. Bg2 c5 8. e3
cxd4 9. exd4 Nc6 10. O-O Bxc3 11. bxc3 Ne4 12. Re1 Na5 13. Ne5 Nxd2 14. Bxb7
Nxb7 15. Qxd2 Rc8 16. Rad1 d6 17. Ng4 Rxc4 18. Ne3 Rc7 19. Rc1 d5 20. Rc2 Nd6
21. Rec1 b5 22. Qe2 Nc4 23. Nxc4 Rxc4 24. Rb1 Qa5 25. Qd2 Rfc8 26. Rb3 a6 27.
Kg2 Qd8 28. Qf4 Qc7 29. Qxc7 R8xc7 30. f4 Rxd4 31. Kf3 Ra4 32. Ke3 Kf8 33. Kd3
Ke7 34. Rb4 Rxb4 35. cxb4 Rxc2 36. Kxc2 Kd6 37. Kc3 f6 38. Kd3 g5 39. Ke3 gxf4+
40. gxf4 h5 41. h4 Ke7 42. Kd4 Kd6 43. Ke3 e5 44. f5 d4+ 45. Ke4 Kc6 46. a3 Kd6
0-1

[Event "13sen.WMH 2003 Senioren"]
[Site "Bad Zwischenahn(17.11.-29.11.2003)"]
[Date "2003.11.29"]
[Round "3"]
[White "Kock, Hans-Uwe"]
[Black "Zeh, Helmut"]
[Result "1-0"]
[WhiteElo "2090"]
[BlackElo "1757"]
[PlyCount "87"]


1. d4 Nf6 2. c4 e6 3. Nf3 c5 4. d5 b5 5. dxe6 fxe6 6. Bg5 Be7 7. Nbd2 bxc4 8.
Nxc4 d5 9. Nce5 O-O 10. g3 Bb7 11. Bh3 Qb6 12. O-O Re8 13. Qa4 Na6 14. Nd7 Nxd7
15. Qxd7 Rad8 16. Qxe6+ Qxe6 17. Bxe6+ Kf8 18. Bf5 g6 19. Bh6+ Kf7 20. Bc2 Bf6
21. Rfe1 d4 22. Bb3+ Bd5 23. Ng5+ Kg8 24. Nf3 Nb4 25. Ba4 Re7 26. a3 Nc6 27.
Nd2 Ne5 28. Bf4 c4 29. Rac1 c3 30. bxc3 dxc3 31. Rxc3 Nf3+ 32. Rxf3 Bxf3 33.
Nxf3 Bc3 34. Bg5 Bxe1 35. Bxe7 Bxf2+ 36. Kxf2 Rb8 37. Bb4 Kg7 38. e4 h6 39. e5
g5 40. Nd4 a5 41. Bxa5 Rb2+ 42. Ke3 Rxh2 43. e6 Kf6 44. Bd8+ 1-0

[Event "13sen.WMH 2003 Senioren"]
[Site "Bad Zwischenahn(17.11.-29.11.2003)"]
[Date "2003.11.29"]
[Round "3"]
[White "Krueger, Erich"]
[Black "Gudat, Alfons"]
[Result "0-1"]
[WhiteElo "2140"]
[BlackElo "1986"]
[PlyCount "72"]


1. d4 Nf6 2. c4 e6 3. Nc3 Bb4 4. e3 O-O 5. Nge2 b6 6. a3 Bxc3+ 7. Nxc3 d5 8.
cxd5 exd5 9. b4 a5 10. Bb2 Nc6 11. b5 Ne7 12. Be2 Re8 13. O-O Nf5 14. a4 Be6
15. Rc1 Qd6 16. Nb1 Qd7 17. Nd2 Ne7 18. Nf3 Ng6 19. Rc6 Rac8 20. Ne5 Qd8 21. f4
Bf5 22. g4 Bd7 23. Rc2 Ne4 24. Nxd7 Qxd7 25. g5 f5 26. gxf6 Nxf6 27. Bc1 Qh3
28. Rf3 Qd7 29. Rg3 Ne7 30. Bd3 Nf5 31. Rg5 Nxe3 32. Bxe3 Rxe3 33. Bf5 Qe7 34.
Bxc8 Re1+ 35. Qxe1 Qxe1+ 36. Kg2 Qe4+ 0-1

[Event "13sen.WMH 2003 Senioren"]
[Site "Bad Zwischenahn(17.11.-29.11.2003)"]
[Date "2003.11.29"]
[Round "3"]
[White "Kruek, Josef"]
[Black "Pitro, Erwin"]
[Result "1-0"]
[WhiteElo "1991"]
[BlackElo "1947"]
[PlyCount "29"]


1. e4 c6 2. d4 g6 3. Nc3 Bg7 4. Nf3 Nh6 5. h3 f6 6. Be3 d6 7. Qd2 Nf7 8. Bc4
Na6 9. O-O-O e6 10. Kb1 Qe7 11. Nh2 e5 12. f4 Be6 13. d5 Bc8 14. dxc6 bxc6 15.
Bxf7+ 1-0

[Event "13sen.WMH 2003 Senioren"]
[Site "Bad Zwischenahn(17.11.-29.11.2003)"]
[Date "2003.11.29"]
[Round "3"]
[White "Kudoke, Willy"]
[Black "Ollek, Karl-Heinz"]
[Result "1-0"]
[WhiteElo "1847"]
[BlackElo "1606"]
[PlyCount "79"]


1. c4 c6 2. Nc3 d5 3. cxd5 cxd5 4. d4 Nc6 5. e3 Nf6 6. Be2 Bf5 7. a3 e6 8. Nf3
a6 9. O-O Bd6 10. h3 O-O 11. Nh4 Ne7 12. Nxf5 Nxf5 13. Bd3 Ne7 14. f4 Nc6 15.
Bd2 b5 16. Rc1 Na5 17. Rc2 Rc8 18. Na2 Rxc2 19. Qxc2 Nc4 20. Bc1 Qc8 21. Rf2
Qb7 22. b4 Rc8 23. Qb1 Ne4 24. Bxe4 dxe4 25. Rc2 Nb6 26. Rxc8+ Nxc8 27. Nc3 f5
28. Qb3 Qf7 29. a4 Na7 30. axb5 axb5 31. Ne2 g6 32. d5 e5 33. g3 h6 34. Bd2 g5
35. fxe5 Bxe5 36. Bc3 Bd6 37. Bd4 f4 38. gxf4 gxf4 39. exf4 Nc6 40. dxc6 1-0

[Event "13sen.WMH 2003 Senioren"]
[Site "Bad Zwischenahn(17.11.-29.11.2003)"]
[Date "2003.11.29"]
[Round "3"]
[White "Kuehn, Peter[38NBrandb]"]
[Black "Bartle, Georg"]
[Result "1-0"]
[WhiteElo "1882"]
[BlackElo "1682"]
[PlyCount "27"]


1. e4 d5 2. exd5 Qxd5 3. Nc3 Qa5 4. d4 c6 5. Bc4 Bf5 6. Bd2 e6 7. Nf3 Nf6 8. d5
cxd5 9. Nxd5 Qd8 10. Nxf6+ Qxf6 11. Bg5 Bxc2 12. Qxc2 Qf5 13. Bb5+ Qxb5 14.
Qc8# 1-0

[Event "13sen.WMH 2003 Senioren"]
[Site "Bad Zwischenahn(17.11.-29.11.2003)"]
[Date "2003.11.29"]
[Round "3"]
[White "Langer, Wolfgang[39Leipz]"]
[Black "Titz, Herbert"]
[Result "1-0"]
[WhiteElo "1800"]
[BlackElo "1949"]
[PlyCount "45"]


1. d4 Nf6 2. g3 g6 3. Bg2 Bg7 4. e4 d6 5. Ne2 c6 6. a4 O-O 7. O-O e5 8. Nbc3
Be6 9. b3 Re8 10. Ba3 Nbd7 11. d5 cxd5 12. exd5 Bf5 13. Ra2 Bf8 14. Nb5 Qb6 15.
c4 a6 16. Nbc3 Rac8 17. h3 Nb8 18. g4 Bd7 19. Ng3 Re7 20. Nge4 Ne8 21. a5 Qc7
22. c5 dxc5 23. d6 1-0

[Event "13sen.WMH 2003 Senioren"]
[Site "Bad Zwischenahn(17.11.-29.11.2003)"]
[Date "2003.11.29"]
[Round "3"]
[White "Langmann, Claus"]
[Black "Potthammel, Joerg"]
[Result "0-1"]
[WhiteElo "1849"]
[BlackElo "1972"]
[PlyCount "84"]


1. e4 c6 2. d4 d5 3. exd5 cxd5 4. c4 Nf6 5. Nc3 e6 6. Nf3 Be7 7. c5 O-O 8. b4
b6 9. Bd3 a5 10. Na4 Nbd7 11. a3 axb4 12. axb4 bxc5 13. bxc5 e5 14. dxe5 Ne4
15. Qc2 Ndxc5 16. O-O Nxd3 17. Qxd3 Ba6 18. Qd4 Bxf1 19. Kxf1 Bc5 20. Nxc5 Rxa1
21. Qxa1 Nxc5 22. Bb2 Qa8 23. Qd1 Qa2 24. Qd4 Rc8 25. g3 Ne6 26. Qd2 Rb8 27.
Bc3 Qc4+ 28. Kg2 Rb1 29. Ne1 d4 30. Bb2 Qd5+ 31. Nf3 Qb5 32. Bc1 Qc6 33. Bb2
Qb5 34. Bc1 Qb7 35. g4 Qe4 36. Kg3 Rb3 37. Qd1 Rd3 38. Qh1 Qxe5+ 39. Kh4 Qe2
40. Ng1 Qxf2+ 41. Kh5 g6+ 42. Kh6 Qh4# 0-1

[Event "13sen.WMH 2003 Senioren"]
[Site "Bad Zwischenahn(17.11.-29.11.2003)"]
[Date "2003.11.29"]
[Round "3"]
[White "Lentze, Ingo,Dr."]
[Black "Litvinov, Vladimir"]
[Result "0-1"]
[WhiteElo "2072"]
[BlackElo "2370"]
[PlyCount "88"]


1. e4 c5 2. Nf3 d6 3. d4 cxd4 4. Nxd4 Nf6 5. Nc3 a6 6. Be2 e6 7. O-O Be7 8. f4
O-O 9. Be3 Nc6 10. Kh1 Bd7 11. a4 Qc7 12. Nb3 b6 13. Bf3 Rab8 14. Rf2 Na5 15.
Qf1 Nc4 16. Bc1 b5 17. axb5 axb5 18. Nd2 Ne3 19. Qd3 Nfg4 20. Bxg4 Nxg4 21. Rf3
b4 22. Qe2 Bf6 23. e5 dxe5 24. Nce4 Bb5 25. Qe1 Be7 26. h3 Nh6 27. c4 Bc6 28.
fxe5 Qxe5 29. Re3 Nf5 30. Re2 Nd4 31. Nf3 Nxf3 32. gxf3 Qh5 33. Qg3 Rbd8 34.
Bf4 Rd3 35. Rf1 Qg6 36. Qxg6 fxg6 37. Bh2 Rfxf3 38. Rxf3 Rxf3 39. Kg2 Rd3 40.
Bg3 Bf6 41. Kh2 Bxb2 42. Nc5 Rd1 43. Bf2 Bc1 44. Be3 Bf3 0-1

[Event "13sen.WMH 2003 Senioren"]
[Site "Bad Zwischenahn(17.11.-29.11.2003)"]
[Date "2003.11.29"]
[Round "3"]
[White "Limberg, Siegfried"]
[Black "Klein, Leo"]
[Result "1/2-1/2"]
[WhiteElo "2035"]
[BlackElo "1956"]
[PlyCount "56"]


1. d4 Nf6 2. Nf3 e6 3. e3 b6 4. Bd3 c5 5. O-O Bb7 6. b3 Nc6 7. a3 Be7 8. Bb2
Qc7 9. Nbd2 a6 10. Qe2 cxd4 11. exd4 Qf4 12. Rad1 O-O 13. Rfe1 Bd6 14. Nc4 Bc7
15. Nce5 Qh6 16. h3 Qh5 17. Qf1 Nxe5 18. Nxe5 Nd5 19. f4 f5 20. c4 Nf6 21. Be2
Qe8 22. Bf3 Ne4 23. d5 d6 24. Bxe4 dxe5 25. d6 Bxe4 26. dxc7 exf4 27. Be5 Qc6
28. Bxf4 e5 1/2-1/2

[Event "13sen.WMH 2003 Senioren"]
[Site "Bad Zwischenahn(17.11.-29.11.2003)"]
[Date "2003.11.29"]
[Round "3"]
[White "Luebbers, Doris,Dr."]
[Black "Wernitz, Armin"]
[Result "1-0"]
[WhiteElo "1308"]
[BlackElo "1456"]
[PlyCount "119"]


1. d4 Nf6 2. Nf3 e6 3. e3 b6 4. Be2 Bb7 5. O-O c5 6. c3 Be7 7. b3 O-O 8. dxc5
Bxc5 9. Ba3 Qc7 10. Bxc5 Qxc5 11. Qd4 Qc7 12. c4 Nc6 13. Qb2 Rfe8 14. Nc3 a6
15. Rad1 Rad8 16. Rd2 e5 17. e4 Ne7 18. Bd3 Rc8 19. Nd5 Nexd5 20. cxd5 d6 21.
Rc2 Qd7 22. Rxc8 Rxc8 23. Rc1 Qg4 24. Rxc8+ Bxc8 25. Qc2 Qd7 26. Nd2 b5 27. b4
h5 28. Be2 g5 29. f3 Qa7+ 30. Kh1 Bd7 31. h3 Qd4 32. a3 Qa1+ 33. Nb1 Kf8 34.
Kh2 Qd4 35. Qd2 Qf2 36. Bd3 Qd4 37. Bf1 Qa1 38. Bd3 g4 39. hxg4 hxg4 40. Kg3
Nh5+ 41. Kh4 Nf4 42. fxg4 Qd4 43. Bc2 Qg1 44. Kg3 Qh1 45. Qf2 Qh6 46. Qf3 Qg6
47. Bd1 f5 48. exf5 Bxf5 49. Nc3 Nh5+ 50. Kf2 Nf4 51. gxf5 Qxf5 52. g3 Nd3+ 53.
Kg1 Qxf3 54. Bxf3 Kg7 55. Be4 Nb2 56. Kg2 Nc4 57. a4 bxa4 58. Nxa4 a5 59. b5
Na3 60. b6 1-0

[Event "13sen.WMH 2003 Senioren"]
[Site "Bad Zwischenahn(17.11.-29.11.2003)"]
[Date "2003.11.29"]
[Round "3"]
[White "Meinhardt, Guenther"]
[Black "Ragsch, Klaus"]
[Result "1/2-1/2"]
[WhiteElo "1737"]
[BlackElo "1873"]
[PlyCount "115"]


1. Nf3 d5 2. g3 Nf6 3. Bg2 e6 4. O-O c6 5. b3 Bd6 6. Bb2 Nbd7 7. d3 O-O 8. Nbd2
Re8 9. e4 e5 10. exd5 cxd5 11. Re1 Qc7 12. Rc1 Nb6 13. a4 Bg4 14. h3 Bh5 15. g4
Bg6 16. Nh4 Rad8 17. Nxg6 hxg6 18. Qf3 Nbd7 19. c4 e4 20. dxe4 dxe4 21. Nxe4
Nxe4 22. Rxe4 Nc5 23. Rxe8+ Rxe8 24. Rd1 b6 25. Bd4 Ne6 26. Be3 Nc5 27. Bd4 Ne6
28. Qc6 Qxc6 29. Bxc6 Rd8 30. Bd5 Nf4 31. Be3 Nxd5 32. Rxd5 Kf8 33. a5 Bc7 34.
axb6 axb6 35. Rb5 Rb8 36. g5 Ke8 37. Bd4 Kd7 38. Bxg7 Re8 39. Kg2 Re2 40. Bd4
Kc6 41. Be3 Rb2 42. h4 Rb1 43. Bd4 Re1 44. Rb4 Re4 45. Be3 Rxh4 46. Ra4 Re4 47.
Ra8 Kd7 48. Kf3 Re5 49. Ra7 Rf5+ 50. Ke4 Kc6 51. b4 b5 52. cxb5+ Rxb5 53. Bc5
Rb8 54. Ra6+ Kd7 55. Kd5 Re8 56. Bd6 Re6 57. Bxc7 Rxa6 58. Be5 1/2-1/2

[Event "13sen.WMH 2003 Senioren"]
[Site "Bad Zwischenahn(17.11.-29.11.2003)"]
[Date "2003.11.29"]
[Round "3"]
[White "Merettig, Georg"]
[Black "Fehres, Werner"]
[Result "1-0"]
[WhiteElo "1816"]
[BlackElo "1788"]
[PlyCount "77"]


1. Nf3 d6 2. c4 e5 3. Nc3 f5 4. e4 f4 5. Nxe5 Be6 6. Nf3 g5 7. h4 g4 8. Nd4 Bd7
9. d3 Bg7 10. Nf5 Bxf5 11. exf5 Bxc3+ 12. bxc3 Qf6 13. Be2 h5 14. Bxf4 Qxc3+
15. Bd2 Qe5 16. O-O Nf6 17. Re1 Kf7 18. Bxg4 Qd4 19. Qe2 Nc6 20. Bf3 Rae8 21.
Qf1 Qxh4 22. Rxe8 Rxe8 23. g3 Rg8 24. Kg2 Ne5 25. Bxb7 c6 26. Bc3 Nfd7 27. Qe2
Qf4 28. Bxc6 Nf6 29. Bxe5 dxe5 30. Bd5+ Nxd5 31. Qxh5+ Kf6 32. cxd5 Qxf5 33.
Qxf5+ Kxf5 34. Rc1 Rd8 35. Rc5 Rd6 36. a4 a6 37. Kf3 e4+ 38. dxe4+ Ke5 39. Ke3
1-0

[Event "13sen.WMH 2003 Senioren"]
[Site "Bad Zwischenahn(17.11.-29.11.2003)"]
[Date "2003.11.29"]
[Round "3"]
[White "Michaelis, Ernst"]
[Black "Kaiser, Hans[35BGladb]"]
[Result "0-1"]
[WhiteElo "1820"]
[BlackElo "1583"]
[PlyCount "122"]


1. e4 c5 2. Nf3 a6 3. c3 Nf6 4. e5 Nd5 5. Bc4 Nb6 6. Bxf7+ Kxf7 7. Ng5+ Kg8 8.
d4 e6 9. O-O h6 10. Ne4 cxd4 11. cxd4 Nc6 12. Be3 d5 13. Ng3 Qh4 14. h3 Be7 15.
Nd2 Nxd4 16. Nh5 Bc5 17. Rc1 Nb3 18. Rxc5 Nxc5 19. Bxc5 Nd7 20. Bd6 g6 21. Ng3
b5 22. Qc2 Kg7 23. Nf3 Qc4 24. Qd2 Ra7 25. Rc1 Qa4 26. h4 Qg4 27. Rb1 Nb6 28.
Qe3 Rb7 29. Qc5 Qc4 30. Qa3 Qa4 31. Qd3 Qxa2 32. h5 gxh5 33. Nxh5+ Kf7 34. Nh4
Ke8 35. Qg6+ Kd7 36. Qg7+ Kc6 37. Rc1+ Nc4 38. Qxh8 Bd7 39. Nf3 Qxb2 40. Qxh6
a5 41. Qf4 a4 42. Nd4+ Kb6 43. Nf6 a3 44. Nc2 a2 45. Na1 Qb1 46. Qd4+ Ka6 47.
Qc3 b4 48. Qc2 Na3 49. Qxb1 axb1=Q 50. Rxb1 Nxb1 51. Nxd7 Rxd7 52. Bxb4 Kb5 53.
Bd6 Kc4 54. Nc2 Kc3 55. Ne1 Nd2 56. f4 Ne4 57. Bf8 Rf7 58. Bh6 d4 59. Kf1 Rh7
60. Bg5 Nxg5 61. fxg5 d3 0-1

[Event "13sen.WMH 2003 Senioren"]
[Site "Bad Zwischenahn(17.11.-29.11.2003)"]
[Date "2003.11.29"]
[Round "3"]
[White "Miessner, Rolf"]
[Black "Mueller, Heinz[41Sandersd]"]
[Result "0-1"]
[WhiteElo "1616"]
[BlackElo "1777"]
[PlyCount "88"]


1. e4 c5 2. Nc3 d6 3. g3 Nc6 4. Bg2 Nf6 5. d3 g6 6. h3 Bg7 7. Be3 O-O 8. Qd2
Rb8 9. a4 a6 10. Nce2 Bd7 11. f4 b5 12. axb5 axb5 13. c3 b4 14. Nf3 bxc3 15.
bxc3 Rb3 16. O-O Qb6 17. e5 Nd5 18. Bf2 Nc7 19. d4 cxd4 20. cxd4 d5 21. Rfc1
Ra8 22. Rxa8+ Nxa8 23. Rc3 e6 24. Rxb3 Qxb3 25. Qc3 Qa4 26. Bf1 Bf8 27. Nc1 Bb4
28. Qb3 Na5 29. Qxa4 Bxa4 30. Be1 Bxe1 31. Nxe1 Nb6 32. Kf2 Nbc4 33. Bxc4 dxc4
34. Na2 Kf8 35. Nc3 Bc6 36. Nc2 Ke7 37. Nb4 Kd7 38. d5 exd5 39. Nbxd5 Bxd5 40.
Nxd5 Kc6 41. Ne7+ Kc5 42. Ke3 Nc6 43. Ng8 c3 44. Kd3 Kb4 0-1

[Event "13sen.WMH 2003 Senioren"]
[Site "Bad Zwischenahn(17.11.-29.11.2003)"]
[Date "2003.11.29"]
[Round "3"]
[White "Mueller, Helmut[30Lüneb]"]
[Black "Bleher, Walter"]
[Result "0-1"]
[WhiteElo "1694"]
[BlackElo "1935"]
[PlyCount "106"]


1. e4 c5 2. Nf3 a6 3. d4 cxd4 4. Nxd4 Nf6 5. Nc3 e5 6. Nf3 Bb4 7. Bd2 d6 8. Bd3
O-O 9. O-O Nbd7 10. a3 Bxc3 11. Bxc3 Nc5 12. Nd2 Na4 13. Nb1 Be6 14. b3 Nxc3
15. Nxc3 Qa5 16. Ne2 Rfd8 17. Qe1 Qb6 18. Ng3 g6 19. Qe2 Rac8 20. Qd2 Kg7 21.
h3 h6 22. Kh2 d5 23. Qe2 dxe4 24. Nxe4 Nxe4 25. Bxe4 f5 26. Bd3 e4 27. Bc4 Bxc4
28. bxc4 Qc7+ 29. Kg1 Qxc4 30. Qe3 Qxc2 31. Rac1 Qd3 32. Rxc8 Rxc8 33. Qb6 Qd7
34. Rb1 Rc7 35. Qb2+ Kh7 36. Qb6 h5 37. a4 Qe7 38. Qe3 Qe5 39. Qb6 Kh6 40. h4
f4 41. Qb4 Rf7 42. Re1 e3 43. fxe3 fxe3 44. Qb3 Re7 45. Qg8 Qg7 46. Qd5 Qf6 47.
Re2 Qa1+ 48. Kh2 Qe5+ 49. Qxe5 Rxe5 50. Kg3 Re4 51. a5 Kg7 52. Kf3 Rxh4 53.
Rxe3 Rb4 0-1

[Event "13sen.WMH 2003 Senioren"]
[Site "Bad Zwischenahn(17.11.-29.11.2003)"]
[Date "2003.11.29"]
[Round "3"]
[White "Neumann, Horst[38Koblenz]"]
[Black "Weller, Friedhelm"]
[Result "1-0"]
[WhiteElo "1864"]
[BlackElo "1704"]
[PlyCount "91"]


1. d4 d5 2. Nf3 Nf6 3. Bg5 Nfd7 4. e3 f6 5. Bf4 Nb6 6. Bd3 Bg4 7. Nbd2 N8d7 8.
h3 Bh5 9. g4 Bf7 10. c3 a6 11. Qc2 g6 12. e4 c5 13. exd5 Nxd5 14. Bg3 Bg7 15.
Be4 cxd4 16. Nxd4 e5 17. N4b3 Rc8 18. Qd3 N7b6 19. Rd1 Qc7 20. O-O O-O 21. Qf3
Rfd8 22. c4 Nxc4 23. Nxc4 Qxc4 24. Rc1 Qb5 25. a4 Qd7 26. Rfd1 Rxc1 27. Nxc1
Be6 28. Bh4 Qf7 29. Ne2 Rd7 30. Rc1 Qe8 31. Rc5 Qd8 32. Nc3 Nxc3 33. Qxc3 Rd1+
34. Kh2 g5 35. Bg3 b6 36. Rc6 Bd5 37. Rc8 Bxe4 38. Rxd8+ Rxd8 39. f3 Bb7 40.
Bf2 Rd7 41. Bxb6 h5 42. gxh5 f5 43. Qc4+ Rf7 44. Qe6 Bxf3 45. h6 Bf6 46. h7+
1-0

[Event "13sen.WMH 2003 Senioren"]
[Site "Bad Zwischenahn(17.11.-29.11.2003)"]
[Date "2003.11.29"]
[Round "3"]
[White "Niebaum, Karl"]
[Black "Plassmann, Florenz"]
[Result "0-1"]
[WhiteElo "1798"]
[BlackElo "1862"]
[PlyCount "88"]


1. d4 d5 2. Nf3 Nf6 3. Bg5 Ne4 4. h4 c5 5. e3 Qb6 6. Qc1 Bf5 7. dxc5 Qxc5 8. c3
Nc6 9. Nbd2 Rc8 10. Nb3 Qb6 11. Nfd4 Bd7 12. Bd3 Nb4 13. Qb1 Nxd3+ 14. Qxd3 e5
15. Nf3 f6 16. Nxe5 fxe5 17. Qxd5 Nxg5 18. hxg5 Qe6 19. Qxb7 Bc6 20. Qa6 Bd5
21. Qb5+ Qc6 22. Qxc6+ Bxc6 23. O-O Be7 24. f4 O-O 25. Rad1 Rcd8 26. g3 Ba4 27.
Rxd8 Rxd8 28. Rf2 Rd1+ 29. Rf1 Rxf1+ 30. Kxf1 Kf7 31. Nc1 Bb5+ 32. Kf2 Ke6 33.
Kf3 Bc6+ 34. e4 g6 35. c4 Bc5 36. Nd3 Bd4 37. b4 Ba4 38. fxe5 Bd1+ 39. Kf4 Be2
40. Nc5+ Bxc5 41. bxc5 Bxc4 42. c6 a5 43. c7 Ba6 44. a3 Bc8 0-1

[Event "13sen.WMH 2003 Senioren"]
[Site "Bad Zwischenahn(17.11.-29.11.2003)"]
[Date "2003.11.29"]
[Round "3"]
[White "Nietsch, Horst"]
[Black "Reichenbach, Werner"]
[Result "0-1"]
[WhiteElo "1987"]
[BlackElo "2294"]
[PlyCount "83"]


1. Nf3 d5 2. d4 Nf6 3. e3 c5 4. Bb5+ Bd7 5. Bxd7+ Nbxd7 6. O-O e6 7. a4 Qc7 8.
Nbd2 Rc8 9. c3 Bd6 10. Re1 O-O 11. e4 cxd4 12. cxd4 dxe4 13. Nxe4 Nxe4 14. Rxe4
Qc2 15. Qe1 Nf6 16. Re2 Qb3 17. Re3 Qc2 18. Re2 Qc4 19. Be3 Nd5 20. Ne5 Bxe5
21. dxe5 a6 22. Qd1 Rc6 23. Rc1 Qb4 24. Rxc6 bxc6 25. Qc2 Rc8 26. Bd2 Qb6 27.
Be3 c5 28. h3 Qc6 29. Qc4 Nb4 30. b3 h6 31. Rd2 Nd5 32. Rd3 Qb6 33. Qg4 Qb4 34.
Qd1 Qe4 35. Bc1 Qxe5 36. Rg3 Nc3 37. Qd7 Ne2+ 38. Kh2 Qc7 39. Qd2 Nxg3 40. fxg3
c4 41. bxc4 Qxc4 42. Bb2 0-1

[Event "13sen.WMH 2003 Senioren"]
[Site "Bad Zwischenahn(17.11.-29.11.2003)"]
[Date "2003.11.29"]
[Round "3"]
[White "Nopp, Josef"]
[Black "Groener, Marga"]
[Result "1/2-1/2"]
[WhiteElo "1638"]
[BlackElo "1283"]
[PlyCount "47"]


1. Nf3 d5 2. d4 e6 3. e3 Nf6 4. Bd3 Nbd7 5. Nbd2 Bd6 6. O-O O-O 7. Qe2 c6 8. c3
Qc7 9. e4 e5 10. dxe5 Nxe5 11. exd5 Nxd3 12. Qxd3 Nxd5 13. Nc4 Be7 14. Re1 h6
15. Bd2 Re8 16. h3 Bd7 17. Nfe5 Rad8 18. Qg3 g5 19. Qf3 Nf6 20. Nxd7 Rxd7 21.
Be3 c5 22. Rad1 Red8 23. Rxd7 Rxd7 24. Rd1 1/2-1/2

[Event "13sen.WMH 2003 Senioren"]
[Site "Bad Zwischenahn(17.11.-29.11.2003)"]
[Date "2003.11.29"]
[Round "3"]
[White "Oelert, Ralf"]
[Black "Dziura, Dieter"]
[Result "1/2-1/2"]
[WhiteElo "1944"]
[BlackElo "1800"]
[PlyCount "97"]


1. e4 c5 2. Nf3 a6 3. c3 d5 4. exd5 Qxd5 5. d4 e6 6. Be3 cxd4 7. cxd4 Bb4+ 8.
Nc3 Nf6 9. Bd3 Nc6 10. O-O Qa5 11. Ne4 Be7 12. Qb3 O-O 13. Rac1 Rd8 14. Rfd1
Qb4 15. Qc2 g6 16. a3 Qa5 17. Qb3 Qd5 18. Qc2 Bd7 19. Nc5 Bc8 20. Qd2 Qh5 21.
Ne4 Qa5 22. Rc3 Nd5 23. b4 Ncxb4 24. axb4 Bxb4 25. Rdc1 f5 26. Bg5 Rf8 27. Nf6+
Nxf6 28. Bxf6 Bxc3 29. Rxc3 Bd7 30. Be5 f4 31. Rc7 Qxd2 32. Nxd2 Rf7 33. Rxb7
a5 34. Ne4 Bc6 35. Rxf7 Kxf7 36. Nd6+ Ke7 37. Nc4 Bd5 38. Bxf4 a4 39. Kf1 Kf7
40. Na3 Rc8 41. Bd2 Rb8 42. Bb5 Rxb5 43. Nxb5 Bc4+ 44. Ke1 Bxb5 45. Bb4 Kf6 46.
Kd2 Bc4 47. Ke3 e5 48. f3 exd4+ 49. Kxd4 1/2-1/2

[Event "13sen.WMH 2003 Senioren"]
[Site "Bad Zwischenahn(17.11.-29.11.2003)"]
[Date "2003.11.29"]
[Round "3"]
[White "Peleikis, Horst"]
[Black "Dorawa, Bernhard"]
[Result "1/2-1/2"]
[WhiteElo "1916"]
[BlackElo "1945"]
[PlyCount "104"]


1. g3 d5 2. Bg2 Nf6 3. d3 g6 4. Nd2 Bg7 5. e4 dxe4 6. dxe4 e5 7. h3 O-O 8. Ne2
Be6 9. O-O Qd7 10. Kh2 Rd8 11. Qe1 Na6 12. a3 c6 13. Nc3 Nc7 14. Qe2 b5 15. Rd1
Qe7 16. Qe3 Rd4 17. Nf3 Rxd1 18. Nxd1 Nfe8 19. Nc3 f6 20. Bd2 Bf7 21. Bf1 Ne6
22. Na2 Rd8 23. Nb4 Nd4 24. Nxd4 exd4 25. Qe1 Qe6 26. Bg2 c5 27. Nd5 Nd6 28.
Ba5 Rd7 29. b3 Nb7 30. Bd2 Bf8 31. Qf1 Nd6 32. Nf4 Qe8 33. Re1 Qd8 34. Qe2 c4
35. b4 c3 36. Bc1 Bc4 37. Qf3 Nf7 38. Nd3 Ne5 39. Qd1 Nxd3 40. cxd3 Bf7 41. f4
a5 42. bxa5 Qxa5 43. e5 fxe5 44. fxe5 Be6 45. Rf1 Rf7 46. Rxf7 Bxf7 47. Qg4 Qb6
48. h4 Be6 49. Qe4 Bf5 50. Qd5+ Be6 51. Qe4 Bf5 52. Qd5+ Be6 1/2-1/2

[Event "13sen.WMH 2003 Senioren"]
[Site "Bad Zwischenahn(17.11.-29.11.2003)"]
[Date "2003.11.29"]
[Round "3"]
[White "Petzold, Rolf"]
[Black "Burreh, Heinz"]
[Result "1/2-1/2"]
[WhiteElo "1639"]
[BlackElo "1777"]
[PlyCount "88"]


1. d4 d5 2. c4 e6 3. Nc3 Nf6 4. Nf3 c5 5. dxc5 Bxc5 6. e3 O-O 7. cxd5 exd5 8.
Be2 Nc6 9. O-O Be6 10. Nd4 Bxd4 11. exd4 Qb6 12. Be3 Qxb2 13. Na4 Qa3 14. Nc5
Rab8 15. Bf4 Rbc8 16. Nxb7 Ne4 17. Bf3 Qc3 18. Bxe4 dxe4 19. d5 Nd4 20. dxe6
fxe6 21. Be3 Nc2 22. Rb1 Nxe3 23. fxe3 Qxe3+ 24. Kh1 Rf2 25. Qg4 Qb6 26. Qxe4
Rcf8 27. Rg1 Qa6 28. Nc5 Qxa2 29. Qxe6+ Kh8 30. Qxa2 Rxa2 31. g3 h6 32. Ra1
Rff2 33. Rxa2 Rxa2 34. Rb1 Kh7 35. Rb4 Kg6 36. Ra4 Rxa4 37. Nxa4 Kf6 38. Kg1
Ke5 39. Kf2 Kd4 40. Ke2 Kc4 41. Kd2 h5 42. h3 g5 43. g4 hxg4 44. hxg4 Kd4
1/2-1/2

[Event "13sen.WMH 2003 Senioren"]
[Site "Bad Zwischenahn(17.11.-29.11.2003)"]
[Date "2003.11.29"]
[Round "3"]
[White "Polk, Maria"]
[Black "Suess, Horst"]
[Result "0-1"]
[WhiteElo "1223"]
[BlackElo "1301"]
[PlyCount "33"]


1. e4 e6 2. g3 d6 3. Bg2 Nf6 4. Ne2 e5 5. O-O Be6 6. d4 Nbd7 7. d5 Bg4 8. h3
Bh5 9. Bg5 Be7 10. Nbc3 h6 11. Be3 a6 12. g4 Bg6 13. g5 hxg5 14. Bxg5 Nh7 15.
Be3 Ng5 16. f4 Nxh3+ 17. Kh2 0-1